|
|
|
|
| LEADER |
00000nam0a2200000 4500 |
| 001 |
234577 |
| 005 |
20231101231332.0 |
| 035 |
|
|
|a (RuTPU)RU\TPU\book\255701
|
| 090 |
|
|
|a 234577
|
| 100 |
|
|
|a 20130326d1932 m y0rusy50 ca
|
| 101 |
1 |
|
|a rus
|c ger
|
| 102 |
|
|
|a RU
|
| 105 |
|
|
|a a z 001zy
|
| 200 |
1 |
|
|a Краткий курс общей геологии
|e пер. с нем.
|f Э. Кайзер
|
| 205 |
|
|
|a 3-е изд.
|
| 210 |
|
|
|a Москва
|a Ленинград
|c ГНТИ
|d 1932
|
| 215 |
|
|
|a 235 с.
|c ил.
|
| 320 |
|
|
|a Библиогр. в примеч.
|
| 606 |
1 |
|
|a Геология
|2 stltpush
|3 (RuTPU)RU\TPU\subj\6095
|9 34054
|
| 610 |
1 |
|
|a физиографическая геология
|
| 610 |
1 |
|
|a земная кора
|
| 610 |
1 |
|
|a Земля
|
| 610 |
1 |
|
|a атмосфера
|
| 610 |
1 |
|
|a горные породы
|
| 610 |
1 |
|
|a классификация
|
| 610 |
1 |
|
|a тектоника
|
| 610 |
1 |
|
|a динамическая геология
|
| 610 |
1 |
|
|a атмосфера
|
| 610 |
1 |
|
|a вода
|
| 610 |
1 |
|
|a организмы
|
| 610 |
1 |
|
|a эндогенные процессы
|
| 610 |
1 |
|
|a вулканические извержения
|
| 610 |
1 |
|
|a литосфера
|
| 675 |
|
|
|a 55
|v 3
|
| 700 |
|
1 |
|a Кайзер
|b Э.
|
| 801 |
|
1 |
|a RU
|b 63413507
|c 20130326
|
| 801 |
|
2 |
|a RU
|b 63413507
|c 20130517
|g RCR
|
| 942 |
|
|
|c BK
|